000 00843nam a2200253 a 4500
008 951213s1974||||CS 0 slo c
020 _c46 Kčs.
040 _aSNK
_bslo
_cSNK
_eAACR2
044 _axo
_cSK
080 _a882-94
080 _a92 Napoleon Bonaparte
080 _a940"17/18"
100 1 _aManfred, Albert Z.
245 1 0 _aNapoleon Bonaparte
_cAlbert Z. Manfred ; Oľga Gažová, Karol Šrámek, Karol Rosmány, Napoleon Bonaparte
260 _aBratislava
_bPravda
_c1974
_eBratislava
_fPravda
300 _c21 cm
500 _aLit. 678. Pozn. Ilustr. na front. a predsádkach. Men. reg. 678 zázn. lit. o knihách, čl. a novinách v jaz. slov., rus. a franc.
700 1 _4prk
700 1 _aŠrámek, Karol
_4prk
700 1 _aRosmány, Karol
_4gup
700 1 _aNapoleon Bonaparte
_4ini
041 _aslo
958 _aA
999 _c12257
_d12257